[Event "Nothing more important"]
[Site "SchemingMind.com"]
[Date "2010.05.30"]
[Round "-"]
[White "PeterLiberty"]
[Black "Manfred Kraut"]
[Result "0-1"]
[WhiteCountry "USA"]
[BlackCountry "GER"]
[WhiteElo "1471"]
[WhiteRD "57"]
[BlackElo "1330"]
[BlackRD "70"]
[GameID "250436"]

1. e4 c5 2. Nf3 Nc6 3. d4 cxd4 4. Nxd4 g6 5. Nc3 Bg7 6. Be3 d6 7. Qd2 Nf6 8. f3 O-O 9. O-O-O d5 10. exd5 Nxd5
11. Nxc6 bxc6 12. Nxd5 cxd5 13. Qxd5 Qxd5 14. Rxd5 Be6 15. Rd2 Bxa2 16. b3 Rfc8 17. Be2 Bxb3 18. Kb1 Be6 19. Kc1 Rab8 20. c4 Bxc4
21. Bxc4 Rxc4+ 22. Rc2 Bb2+ 23. Kd1 Rd8+ 24. Rd2 Rc1+ 25. Ke2 Rxd2+ 26. Bxd2 Rxh1 27. Kf2 Bd4+ 28. Kg3 Rd1 29. Bf4 a5 30. Bc7 a4
0-1

[Event "Nothing more important"]
[Site "SchemingMind.com"]
[Date "2010.05.30"]
[Round "-"]
[White "Manfred Kraut"]
[Black "PeterLiberty"]
[Result "1-0"]
[WhiteCountry "GER"]
[BlackCountry "USA"]
[WhiteElo "1341"]
[WhiteRD "75"]
[BlackElo "1486"]
[BlackRD "58"]
[GameID "250442"]

1. d4 Nf6 2. Nf3 g6 3. e3 Bg7 4. Bd3 O-O 5. O-O d6 6. b3 Nc6 7. Bb2 e5 8. dxe5 Ng4 9. Nc3 Ngxe5 10. Rb1 Bg4
11. Be4 Bxf3 12. Bxf3 Nxf3+ 13. Qxf3 Ne5 14. Qxb7 f5 15. Qd5+ Kh8 16. Nb5 a6 17. Na3 c6 18. Qd1 d5 19. c4 Ng4 20. Bxg7+ Kxg7
21. Qd4+ Qf6 22. Qxf6+ Rxf6 23. Nc2 dxc4 24. bxc4 Rd8 25. Rb6 a5 26. h3 Ne5 27. f4 Nxc4 28. Rbb1 Rdd6 29. Nd4 Nxe3 30. Rf3 Nd5
31. Rb7+ Rf7 32. Rxf7+ Kxf7 33. g4 fxg4 34. hxg4 Rf6 35. f5 Kg7 36. Kg2 Kf7 37. Kg3 Kg8 38. Kh4 Ne7 39. Kg5 Kf7 40. fxg6+ Nxg6
41. Rxf6+ Kg7 42. Rxc6
1-0

[Event "Nothing more important"]
[Site "SchemingMind.com"]
[Date "2010.06.01"]
[Round "-"]
[White "maro"]
[Black "Fred Fanelli"]
[Result "0-1"]
[WhiteCountry "MEX"]
[BlackCountry "USA"]
[WhiteElo "1234"]
[WhiteRD "57"]
[BlackElo "1506"]
[BlackRD "82"]
[GameID "250553"]

1. c4 e5 2. d4 exd4 3. Qxd4 Nc6 4. Qe3+ Be7 5. a3 Nf6 6. Qc3 O-O 7. Nf3 Bc5 8. e3 Re8 9. b4 Be7 10. c5 d6
11. cxd6 Bxd6 12. Bc4 Ne5 13. Nxe5 Bxe5 14. Bxf7+ Kh8 15. Qd2 Qxd2+ 16. Nxd2 Rf8 17. Nc4 Bxa1
0-1

[Event "Nothing more important"]
[Site "SchemingMind.com"]
[Date "2010.06.04"]
[Round "-"]
[White "Clive Everill"]
[Black "Shell"]
[Result "1-0"]
[WhiteCountry "CZE"]
[BlackCountry "ENG"]
[WhiteElo "1649"]
[WhiteRD "50"]
[BlackElo "1300"]
[BlackRD "78"]
[GameID "250555"]

1. e4 e5 2. Nc3 Nf6 3. f4 d5 4. fxe5 Nxe4 5. Qf3 f5 6. exf6 Nxf6 7. Bb5+ c6 8. Be2 Bc5 9. d3 O-O 10. Bg5 Bg4
11. Qxg4 Nxg4 12. Bxd8 Bf2+ 13. Kd2 Be3+ 14. Ke1 Nf2 15. Be7 Nxh1 16. Bxf8 Kxf8 17. Nf3 Nf2 18. h3 d4 19. Nd1 Nd7 20. Nxf2 Bf4
21. Nxd4 Re8 22. Kf1 Nf6 23. Nb3 Nd5 24. c4 Ne3+ 25. Kg1 Nc2 26. Rf1 Rxe2 27. Ne4 Ne3 28. Rxf4+ Ke7 29. Rf2 Re1+ 30. Kh2 h6
31. Nd4 Nxc4 32. Nf5+ Ke6 33. Nc5+ Kd5 34. Nxb7 g6 35. dxc4+ Kxc4 36. Nfd6+ Kd3 37. Nc5+ Kd4 38. Nb3+ Ke3 39. Rf6 Rb1 40. Re6+ Kd3
41. Rxg6 Rxb2 42. Rxh6 Rxa2 43. Nc1+ Kc2 44. Nxa2 Kb3 45. Nc1+
1-0

[Event "Nothing more important"]
[Site "SchemingMind.com"]
[Date "2010.05.31"]
[Round "-"]
[White "Fred Fanelli"]
[Black "maro"]
[Result "1-0"]
[WhiteCountry "USA"]
[BlackCountry "MEX"]
[WhiteElo "1506"]
[WhiteRD "82"]
[BlackElo "1234"]
[BlackRD "57"]
[GameID "250559"]

1. c4 e5 2. Nc3 Bb4 3. Nd5 Bc5 4. e3 Nf6 5. Nc3 e4 6. Nd5 Nxd5 7. cxd5 d6 8. Bb5+ Bd7 9. Bxd7+ Nxd7 10. Ne2 O-O
11. O-O c6 12. Nc3 cxd5 13. d3 exd3 14. Qxd3 Bb6 15. Nxd5 Bc5 16. a3 a5 17. Bd2 a4 18. Bb4 Bxb4 19. Nxb4 Nc5 20. Qc2 b5
21. Nd3 Nb3 22. Rad1 Rc8 23. Qe2 Re8 24. Qg4 Rc4 25. Qg3 Re6 26. Nf4 Ree4 27. Nd5 Rg4 28. Qf3 Qa8 29. Ne7+ Kf8 30. Qxa8+
1-0

[Event "Nothing more important"]
[Site "SchemingMind.com"]
[Date "2010.06.04"]
[Round "-"]
[White "Shell"]
[Black "Clive Everill"]
[Result "0-1"]
[WhiteCountry "ENG"]
[BlackCountry "CZE"]
[WhiteElo "1300"]
[WhiteRD "78"]
[BlackElo "1649"]
[BlackRD "50"]
[GameID "250561"]

1. d4 f5 2. Nc3 Nf6 3. Bg5 e6 4. e4 Be7 5. e5 Ng8 6. Bf4 b6 7. Nf3 Bb7 8. Bc4 Bb4 9. O-O Nc6 10. Bg5 Nge7
11. a3 Bxc3 12. bxc3 O-O 13. d5 exd5 14. Bd3 h6 15. Bd2 Ng6 16. c4 d4 17. c3 Ncxe5 18. Nxe5 Nxe5 19. Bb1 dxc3 20. Bf4 Nxc4
21. Qc1 Be4 22. Ba2 Bd5 23. Qxc3 b5 24. Qd4 c6 25. Be5 Qg5 26. f3 Ne3 27. g3 Nc2 28. h4 Nxd4 29. hxg5 Nxf3+ 30. Kf2 Nxe5
31. g6 Bxa2 32. Rxa2 Nxg6 33. Rd2 d5 34. Rc1 Rac8 35. a4 b4 36. Rd4 a5 37. Rc5 b3 38. Rxa5 Rb8 39. Ra6 b2 40. Rd1 b1=Q
41. Rxb1 Rxb1 42. Rxc6 Ne5 43. Rc5 Nd3+ 44. Kg2 Nxc5
0-1

[Event "Nothing more important"]
[Site "SchemingMind.com"]
[Date "2010.06.01"]
[Round "-"]
[White "lemme howdt"]
[Black "Andreas Flato"]
[Result "0-1"]
[WhiteCountry "USA"]
[BlackCountry "GER"]
[WhiteElo "1621"]
[WhiteRD "93"]
[BlackElo "1784"]
[BlackRD "72"]
[GameID "250661"]

1. e4 e5 2. Nf3 d6 3. Bc4 Be7 4. c3 h6 5. d4 exd4 6. Nxd4 Nf6 7. Nd2 c6 8. h3 O-O 9. N2f3 Nxe4 10. Qe2 Nf6
11. g4 Re8 12. O-O Bf8 13. Qd3 Nbd7 14. g5 hxg5 15. Nxg5 Ne5 16. Bxf7+ Nxf7 17. Qg6 Nxg5 18. Bxg5 Bxh3 19. Rfe1 Rxe1+ 20. Rxe1 Be7
21. Re3 Bd7 22. Rg3 Qe8 23. Bxf6 Bxf6 24. Qxf6 Qf8 25. Qg6 Re8 26. Kg2 Re5 27. f4 Bf5 28. Nxf5 Rxf5 29. Qe6+ Rf7 30. f5 Qd8
31. b4 Qe7 32. Qxe7 Rxe7 33. Kf3 Kf7 34. Rg6 d5 35. a4 a6 36. a5 Rc7 37. Kf4 Re7 38. Rd6 Ke8 39. Rg6 Kd7 40. Kf3 Kc7
41. Kf4 b6 42. axb6+ Kxb6 43. Kf3 Rc7 44. Ke3 a5 45. bxa5+ Kxa5 46. Kd4 Kb5 47. Re6 Rf7 48. Rg6 Rxf5 49. Rxg7 Rf4+ 50. Ke3 Rh4
51. Rb7+ Kc5 52. Kd2 Ra4 53. Rb2 Kc4 54. Rc2 c5 55. Rb2 Ra3 56. Rc2 Kb3 57. Rc1 Ra2+ 58. Kd3 c4+ 59. Kd4 Rd2+ 60. Ke3 Rd3+
0-1

[Event "Nothing more important"]
[Site "SchemingMind.com"]
[Date "2010.06.01"]
[Round "-"]
[White "Andreas Flato"]
[Black "lemme howdt"]
[Result "1-0"]
[WhiteCountry "GER"]
[BlackCountry "USA"]
[WhiteElo "1727"]
[WhiteRD "73"]
[BlackElo "1637"]
[BlackRD "90"]
[GameID "250662"]

1. e4 e5 2. Nf3 Nc6 3. Bb5 d6 4. d4 Bg4 5. d5 a6 6. Bxc6+ bxc6 7. dxc6 Qf6 8. Nc3 Bxf3 9. Qxf3 Be7 10. Nd5 Qxf3
11. gxf3 Bh4 12. Nxc7+ Ke7 13. Nxa8
1-0

[Event "Nothing more important"]
[Site "SchemingMind.com"]
[Date "2010.06.03"]
[Round "-"]
[White "memet"]
[Black "Phillip Beckett"]
[Result "0-1"]
[WhiteCountry "TUR"]
[BlackCountry "ENG"]
[WhiteElo "1617"]
[WhiteRD "62"]
[BlackElo "1638"]
[BlackRD "55"]
[GameID "250743"]

1. e4 e5 2. Nf3 Nc6 3. Bc4 Nf6 4. O-O Be7 5. Ng5 O-O 6. c3 d6 7. Re1 h6 8. Nxf7 Rxf7 9. Bxf7+ Kxf7 10. d4 exd4
11. cxd4 Bg4 12. f3 Bd7 13. Qb3+ Kf8 14. e5 dxe5 15. dxe5 Bc5+ 16. Be3 Bxe3+ 17. Rxe3 Ne8 18. e6 Bc8 19. Qa3+ Kg8 20. e7 Qd1+
21. Kf2 Bf5 22. Re1 Qd4+ 23. Re3 Nb4 24. Qb3+ Kh7 25. Na3 Nd3+ 26. Ke2 Nf4+ 27. Kf2 Nd3+ 28. Ke2 Nf4+= 29. Kf1 Bd3+ 30. Rxd3 Nxd3
31. Rd1 Qf2#
0-1

[Event "Nothing more important"]
[Site "SchemingMind.com"]
[Date "2010.06.06"]
[Round "-"]
[White "Transcendent"]
[Black "Olli Ylönen"]
[Result "0-1"]
[WhiteCountry "ENG"]
[BlackCountry "FIN"]
[WhiteElo "1794"]
[WhiteRD "56"]
[BlackElo "1462"]
[BlackRD "53"]
[GameID "250745"]

1. d4 Nf6 2. c4 e6 3. g3 c5 4. d5 exd5 5. cxd5 d6 6. Nc3 g6 7. Bg2 Bg7 8. Nf3 O-O 9. O-O a6 10. a4 Re8
11. Nd2 Nbd7 12. h3 Rb8 13. Nc4 Ne5 14. Nxe5 Rxe5 15. Bf4 Re8 16. Re1 b5 17. axb5 axb5 18. Qc2 b4 19. Ne4 Bf5 20. Nxf6+ Qxf6
21. e4 Qxb2 22. Qxb2 Bxb2 23. exf5 Bxa1 24. Rxa1 Red8 25. fxg6 hxg6 26. Be4 f5 27. Bd3 Kf7 28. Ra6 b3 29. Bb1 c4 30. Ra7+ Ke8
31. Rg7 c3 32. Bxd6 c2
0-1

[Event "Nothing more important"]
[Site "SchemingMind.com"]
[Date "2010.06.02"]
[Round "-"]
[White "Phillip Beckett"]
[Black "memet"]
[Result "0-1"]
[WhiteCountry "ENG"]
[BlackCountry "TUR"]
[WhiteElo "1638"]
[WhiteRD "55"]
[BlackElo "1617"]
[BlackRD "62"]
[GameID "250748"]

1. e4 c5 2. Nf3 Nc6 3. d4 cxd4 4. Nxd4 Nxd4 5. Qxd4 d6 6. Nc3 Nf6 7. Bd3 e5 8. Qa4+ Bd7 9. Bb5 Be7 10. Bxd7+ Nxd7
11. Nd5 O-O 12. Nxe7+ Qxe7 13. O-O Nb6 14. Qb3 Rac8 15. c3 Rc6 16. Be3 Nc4 17. Rfe1 Na5 18. Qb5 Ra6 19. Rad1 Rc8 20. Rd5 Nc6
21. Red1 Ra5 22. Qd3 Rxd5 23. Qxd5 Rd8 24. f3 Qe6 25. Qxe6 fxe6 26. Kf2 d5 27. exd5 exd5 28. Bc5 b6 29. Be3 d4 30. cxd4 exd4
31. Bg5 Rd5 32. Rd2 Rxg5 33. f4 Ra5 34. a3 Kf7 35. Kf3 Ke6 36. Ke4 Rh5 37. h3 Kd6 38. Rd3 Rh6 39. g4 Re6+ 40. Kf3 Re3+
41. Rxe3 dxe3 42. Kxe3 Kd5 43. f5 Ke5 44. Kf3 Nd4+ 45. Ke3 a5 46. b4 axb4 47. axb4 Nc2+
0-1

[Event "Nothing more important"]
[Site "SchemingMind.com"]
[Date "2010.06.05"]
[Round "-"]
[White "Olli Ylönen"]
[Black "Transcendent"]
[Result "1-0"]
[WhiteCountry "FIN"]
[BlackCountry "ENG"]
[WhiteElo "1494"]
[WhiteRD "50"]
[BlackElo "1839"]
[BlackRD "73"]
[GameID "250750"]

1. Nc3 c5 2. Nf3 d6 3. d4 cxd4 4. Nxd4 Nf6 5. g3 Nc6 6. Bg2 Bd7 7. Bg5 e6 8. Ndb5 d5 9. Bxf6 gxf6 10. Bxd5 exd5
11. Nxd5 Qa5+ 12. c3 Rc8 13. Nxf6+
1-0

[Event "Nothing more important"]
[Site "SchemingMind.com"]
[Date "2010.06.04"]
[Round "-"]
[White "lemmie"]
[Black "dandiwilk"]
[Result "1-0"]
[WhiteCountry "NED"]
[BlackCountry "ENG"]
[WhiteElo "1807"]
[WhiteRD "56"]
[BlackElo "1256"]
[BlackRD "91"]
[GameID "250854"]

1. e4 c5 2. Nf3 Nf6 3. Nc3 Nc6 4. Bb5 a6 5. Bxc6 dxc6 6. e5 Nd5 7. Ne4 f5 8. Nxc5 e6 9. d4 Bxc5 10. dxc5 Qa5+
11. c3 Qxc5 12. O-O O-O 13. Ng5 Bd7 14. Qh5 h6 15. Nf3 Qc4 16. Bxh6 Qg4 17. Qg5 Kh7 18. Bxg7 Qxg5 19. Nxg5+ Kxg7 20. c4 Nb4
21. Rad1 Rad8 22. a3 Nc2 23. Rd2 c5 24. Rxc2 Kg6 25. f4 Bc6 26. Nxe6 Rh8 27. Nxd8 Be4 28. Rd2 Rh4 29. Ne6 Rg4 30. Nxc5 Bc6
31. b4 Bxg2 32. Rxg2 b6 33. Rxg4+ fxg4 34. Nxa6 Kf5 35. Kg2
1-0

[Event "Nothing more important"]
[Site "SchemingMind.com"]
[Date "2010.06.03"]
[Round "-"]
[White "dandiwilk"]
[Black "lemmie"]
[Result "1-0"]
[WhiteCountry "ENG"]
[BlackCountry "NED"]
[WhiteElo "1310"]
[WhiteRD "131"]
[BlackElo "1688"]
[BlackRD "55"]
[GameID "250867"]

1. e4 e5 2. Nc3 Nf6 3. Nf3 Nc6 4. Bb5 a6 5. Bxc6 dxc6 6. Nxe5 Qd4 7. Nf3 Qb6 8. O-O Be7 9. e5 Ng4 10. d3 O-O
11. h3 Nh6 12. Bxh6 gxh6 13. b3 c5 14. Nd5 Qa5 15. Nxe7+ Kh8 16. Qc1 c6 17. Qxh6 Re8 18. Qf6#
1-0

[Event "Nothing more important"]
[Site "SchemingMind.com"]
[Date "2010.07.13"]
[Round "-"]
[White "Andreas Flato"]
[Black "Fred Fanelli"]
[Result "1-0"]
[WhiteCountry "GER"]
[BlackCountry "USA"]
[WhiteElo "1784"]
[WhiteRD "72"]
[BlackElo "1478"]
[BlackRD "79"]
[GameID "254501"]

1. e4 c5 2. a3 Nc6 3. b4 cxb4 4. axb4 Nxb4 5. Ra4 Nc6 6. d4 e6 7. d5 exd5 8. exd5 Nb4 9. Ba3 b5 10. Bxb5 Nf6
11. d6 Nbd5 12. Qe2+ Be7 13. dxe7 Qc7 14. g3 a6 15. Bd3 d6 16. Nf3 Nxe7 17. O-O O-O 18. c4 Re8 19. Qc2 Bb7 20. Nd4 Qd7
21. f3 Rec8 22. Nc3 Nc6 23. Nxc6 Bxc6 24. Rb4 a5 25. Rbb1 Ba4 26. Nxa4 Nd5 27. Nb6 Qa7 28. Bxh7+ Kh8 29. Rfe1
1-0

[Event "Nothing more important"]
[Site "SchemingMind.com"]
[Date "2010.07.13"]
[Round "-"]
[White "Fred Fanelli"]
[Black "Andreas Flato"]
[Result "0-1"]
[WhiteCountry "USA"]
[BlackCountry "GER"]
[WhiteElo "1478"]
[WhiteRD "79"]
[BlackElo "1784"]
[BlackRD "72"]
[GameID "254506"]

1. c4 e5 2. Nc3 Nf6 3. Nf3 d6 4. d4 exd4 5. Nxd4 Be7 6. e4 O-O 7. Bd3 Nbd7 8. O-O Nc5 9. f3 Nxd3 10. Qxd3 Re8
11. Be3 Bf8 12. Rad1 h6 13. Nd5 c6 14. Nc3 Nd7 15. Nf5 Ne5 16. Qe2 Bxf5 17. Bf2 Be6 18. h3 Bxc4 19. Qe3 Bxf1 20. Kxf1 Qa5
21. a3 d5 22. Qe1 dxe4 23. Nxe4 Qxe1+ 24. Bxe1 Rad8 25. Rc1 Nd3 26. Rd1 Nxe1
0-1

[Event "Nothing more important"]
[Site "SchemingMind.com"]
[Date "2010.07.24"]
[Round "-"]
[White "memet"]
[Black "troglodit"]
[Result "1-0"]
[WhiteCountry "TUR"]
[BlackCountry "SEY"]
[WhiteElo "1651"]
[WhiteRD "76"]
[BlackElo "1637"]
[BlackRD "106"]
[GameID "255235"]

1. e4 c5 2. Nf3 Nc6 3. d4 cxd4 4. Nxd4 g6 5. Nb5 Bg7 6. N1c3 a6 7. Na3 b5 8. Nd5 Nf6 9. Bf4 d6 10. c4 Nxe4
11. Bd3 Bxb2 12. Bxe4 O-O 13. Bh6 Re8 14. O-O Bb7 15. cxb5 Na5 16. Rb1 Bxa3 17. Qd4 e5 18. Qa4 Bc5 19. Nc3 axb5 20. Rxb5 Bxe4
21. Nxe4
1-0

[Event "Nothing more important"]
[Site "SchemingMind.com"]
[Date "2010.07.24"]
[Round "-"]
[White "troglodit"]
[Black "memet"]
[Result "1-0"]
[WhiteCountry "SEY"]
[BlackCountry "TUR"]
[WhiteElo "1756"]
[WhiteRD "105"]
[BlackElo "1687"]
[BlackRD "74"]
[GameID "255239"]

1. e4 e5 2. Nf3 Nc6 3. d4 d5 4. Nxe5 Nxe5 5. dxe5 dxe4 6. Qxd8+ Kxd8 7. Bc4 f6 8. Bf4 g5 9. Be3 Bb4+ 10. c3 Be7
11. exf6 Nxf6 12. Bxg5 Bf5 13. O-O Kd7 14. Rd1+ Kc6 15. Nd2 Rag8 16. Bf4 Rg4 17. g3 Nh5 18. Be5 Rf8 19. Be2 Bd6 20. Bxd6 cxd6
21. Bxg4 Bxg4 22. Re1 d5 23. Nb3 Nf6 24. Nd4+ Kb6 25. b4 Rc8 26. Rac1 Bh3 27. a4 a6 28. f3 exf3 29. Nxf3 Ne4 30. c4 Rf8
31. Re3 dxc4 32. Rxe4 Rxf3 33. Rexc4 Ra3 34. a5+ Ka7 35. Kf2 Ra2+ 36. Ke3 Rxh2 37. Rh4 Rb2 38. Rxh3 Rxb4 39. Rxh7 Rb5 40. Rcc7 Rxa5
41. Rxb7+ Ka8 42. Rbe7 Rb5 43. Ra7+ Kb8 44. Rxa6 Rc5 45. Rf6 Rc3+ 46. Kd4 Rc8 47. g4 Rd8+ 48. Kc5 Rc8+ 49. Kb6 Rg8 50. Rb7+ Kc8
51. Rc6+
1-0

[Event "Nothing more important"]
[Site "SchemingMind.com"]
[Date "2010.09.20"]
[Round "-"]
[White "Clive Everill"]
[Black "dandiwilk"]
[Result "1-0"]
[WhiteCountry "CZE"]
[BlackCountry "ENG"]
[WhiteElo "1649"]
[WhiteRD "50"]
[BlackElo "1218"]
[BlackRD "79"]
[GameID "260687"]

1. e4 e5 2. Nc3 Nc6 3. f4 Nf6 4. Nf3 Bc5 5. fxe5 Ng4 6. d4 Nxd4 7. Nxd4 Bxd4 8. Qxd4 Qh4+ 9. g3 Qh5 10. Bf4 d6
11. exd6 cxd6 12. Qxg7 Rf8 13. Bxd6 Ne3 14. Qxf8+
1-0

[Event "Nothing more important"]
[Site "SchemingMind.com"]
[Date "2010.09.20"]
[Round "-"]
[White "dandiwilk"]
[Black "Clive Everill"]
[Result "0-1"]
[WhiteCountry "ENG"]
[BlackCountry "CZE"]
[WhiteElo "1218"]
[WhiteRD "79"]
[BlackElo "1649"]
[BlackRD "50"]
[GameID "260694"]

1. e4 Nc6 2. Nc3 Nf6 3. Nf3 e5 4. d3 Bb4 5. a3 Bc5 6. Nb5 a6 7. Nc3 d6 8. Be3 Bxe3 9. fxe3 Bg4 10. h3 Be6
11. Ng5 Bd7 12. d4 O-O 13. Bc4 h6 14. Qh5 Nxh5
0-1

[Event "Nothing more important"]
[Site "SchemingMind.com"]
[Date "2010.09.30"]
[Round "-"]
[White "Clive Everill"]
[Black "Andreas Flato"]
[Result "1-0"]
[WhiteCountry "CZE"]
[BlackCountry "GER"]
[WhiteElo "1642"]
[WhiteRD "51"]
[BlackElo "1788"]
[BlackRD "75"]
[GameID "261868"]

1. e4 e5 2. Nc3 Nf6 3. f4 d6 4. Nf3 exf4 5. d4 Be7 6. Bc4 O-O 7. Bxf4 c6 8. O-O b5 9. Bd3 Bg4 10. Qd2 Qb6
11. Be3 a6 12. h3 Bh5 13. e5 Nfd7 14. exd6 Bxd6 15. Ng5 h6 16. Nge4 Bc7 17. d5 Qb7 18. Bxh6 cxd5 19. Nf6+ Nxf6 20. Rxf6 Bb6+
21. Kh1 Nd7 22. Bxg7 Nxf6 23. Bxf6
1-0

[Event "Nothing more important"]
[Site "SchemingMind.com"]
[Date "2010.09.30"]
[Round "-"]
[White "Andreas Flato"]
[Black "Clive Everill"]
[Result "0-1"]
[WhiteCountry "GER"]
[BlackCountry "CZE"]
[WhiteElo "1788"]
[WhiteRD "75"]
[BlackElo "1642"]
[BlackRD "51"]
[GameID "261869"]

1. e4 Nc6 2. d4 d5 3. e5 f6 4. f4 fxe5 5. dxe5 Bf5 6. Nc3 e6 7. Nf3 Nb4 8. Nd4 Nh6 9. a3 Nc6 10. Nxf5 Nxf5
11. Bd3 Bc5 12. Bxf5 exf5 13. Qxd5 Qxd5 14. Nxd5 O-O-O 15. Ne3 g6 16. Bd2 Nd4 17. Rf1 Rd7 18. O-O-O Ne2+ 19. Kb1 Nxf4 20. Nxf5 Nxg2
21. e6 Rdd8 22. Ng3 Rde8 23. Bc3 Rhg8 24. Rf7 Rxe6 25. Rdd7 Bd6 26. Rxh7 Nf4 27. Rdf7 Nd5 28. Bg7 Re1+ 29. Ka2 Ne3 30. Ne4 Nxc2
31. Nxd6+ cxd6 32. Rf6 Ra1+ 33. Kb3 Nd4+ 34. Kc3 Nb5+ 35. Kb4 a6 36. Rxg6 Re1 37. Rh8 Re4+ 38. Ka5 Rxh8 39. Bxh8 Rh4 40. Rg8+ Kc7
41. a4 Na7 42. Rg7+ Kc6
0-1

[Event "Nothing more important"]
[Site "SchemingMind.com"]
[Date "2010.10.22"]
[Round "-"]
[White "Olli Ylönen"]
[Black "Manfred Kraut"]
[Result "1-0"]
[WhiteCountry "FIN"]
[BlackCountry "GER"]
[WhiteElo "1570"]
[WhiteRD "57"]
[BlackElo "1342"]
[BlackRD "89"]
[GameID "264099"]

1. e4 c5 2. c3 g6 3. d4 Bg7 4. Nf3 cxd4 5. cxd4 d6 6. h3 Nf6 7. Nc3 O-O 8. Be2 a6 9. O-O b5 10. e5 dxe5
11. dxe5 Qxd1 12. Bxd1 Nh5 13. Bg5 Re8 14. Bb3 e6 15. g4 h6 16. gxh5 Nc6 17. Bf6 gxh5 18. Bxg7 Kxg7 19. Rfe1 Bb7 20. Nd2 Rg8
21. f4 Kh7+ 22. Kf2 Nd4 23. Nde4 Kg6 24. Rg1+ Kh7 25. Nf6+
1-0

[Event "Nothing more important"]
[Site "SchemingMind.com"]
[Date "2010.10.22"]
[Round "-"]
[White "Manfred Kraut"]
[Black "Olli Ylönen"]
[Result "0-1"]
[WhiteCountry "GER"]
[BlackCountry "FIN"]
[WhiteElo "1362"]
[WhiteRD "87"]
[BlackElo "1559"]
[BlackRD "59"]
[GameID "264104"]

1. d4 Nf6 2. Nf3 g6 3. e3 Bg7 4. Bd3 O-O 5. O-O d6 6. b3 e5 7. dxe5 dxe5 8. Nxe5 Re8 9. Bb2 Nd5 10. f4 Nxe3
11. Qe2 Nxf1 12. Qxf1 Bxe5 13. fxe5 Nc6 14. Qf4 b6 15. Be4 Bb7 16. Qh6 Qd1+ 17. Kf2 Nxe5 18. Na3 Ng4+
0-1

[Event "Nothing more important"]
[Site "SchemingMind.com"]
[Date "2011.03.05"]
[Round "-"]
[White "memet"]
[Black "Olli Ylönen"]
[Result "0-1"]
[WhiteCountry "TUR"]
[BlackCountry "FIN"]
[WhiteElo "1684"]
[WhiteRD "86"]
[BlackElo "1669"]
[BlackRD "50"]
[GameID "277440"]

1. d4 d5 2. g3 Nf6 3. Bg2 c6 4. Nf3 Bf5 5. Nc3 Nbd7 6. O-O h6 7. Re1 e6 8. Bf4 g5 9. Bd2 Ne4 10. h4 gxh4
11. Nxh4 Be7 12. Nxf5 exf5 13. Bh3 Bh4 14. Nxe4 fxe4 15. gxh4 Rg8+ 16. Kh2 Qxh4 17. Be3 Nf6 18. Rg1 Ng4+ 19. Rxg4 Rxg4 20. Qh1 Ke7
21. Rg1 Rag8 22. Rxg4 Rxg4 23. Qf1 f5 24. c4 f4 25. Bxf4 Rxf4 26. f3 exf3 27. exf3 Rxd4 28. Qe2+ Kd8 29. Qg2 Qf4+ 30. Qg3 Rd2+
31. Bg2 Qxg3+ 32. Kxg3 dxc4 33. b3 Rxg2+ 34. Kxg2 c3
0-1

[Event "Nothing more important"]
[Site "SchemingMind.com"]
[Date "2011.03.06"]
[Round "-"]
[White "Olli Ylönen"]
[Black "memet"]
[Result "0-1"]
[WhiteCountry "FIN"]
[BlackCountry "TUR"]
[WhiteElo "1669"]
[WhiteRD "50"]
[BlackElo "1684"]
[BlackRD "86"]
[GameID "277450"]

1. e4 e6 2. d4 d5 3. exd5 exd5 4. Bd3 Nf6 5. Nf3 c5 6. O-O Nc6 7. Re1+ Be7 8. dxc5 O-O 9. c3 Bxc5 10. Be3 Bxe3
11. Rxe3 Bg4 12. Nbd2 Qc7 13. h3 Bh5 14. Qb3 Na5 15. Qb4 Nc6 16. Qb3 Bxf3 17. Nxf3 Rfe8 18. Rxe8+ Rxe8 19. Re1 Rxe1+ 20. Nxe1 b6
21. Nf3 Ne5 22. Nxe5 Qxe5 23. Qd1 Nh5 24. Bc4 Nf6 25. Qe2 Qxe2 26. Bxe2 Ne4 27. Bf3 f5 28. Bxe4 dxe4 29. Kf1 f4 30. Ke2 Kf7
31. g3 g5 32. h4 h6 33. hxg5 hxg5 34. Kd2 Ke6 35. gxf4 gxf4 36. c4 a5 37. b3 Ke5 38. Kc3 f3 39. Kd2 Kd4
0-1

[Event "Nothing more important"]
[Site "SchemingMind.com"]
[Date "2011.06.28"]
[Round "-"]
[White "Olli Ylönen"]
[Black "Clive Everill"]
[Result "0-1"]
[WhiteCountry "FIN"]
[BlackCountry "CZE"]
[WhiteElo "1692"]
[WhiteRD "51"]
[BlackElo "1760"]
[BlackRD "50"]
[GameID "287398"]

1. e4 Nc6 2. Nf3 f5 3. exf5 d5 4. Bb5 Qd6 5. d4 Bxf5 6. Ne5 Nf6 7. O-O a6 8. Bxc6+ bxc6 9. Bf4 Qe6 10. Re1 Ng4
11. Nxg4 Bxg4 12. Rxe6 Bxd1 13. Rxc6 g6 14. Nd2 Bg4 15. Rxc7 Bg7 16. c3 O-O 17. Rxe7 Rxf4 18. Rae1 Rf7 19. Rxf7 Kxf7 20. h3 Be6
21. b3 Rc8 22. Rc1 Bxd4 23. c4 dxc4 24. Nxc4 Kg7 25. Rd1 Rd8 26. Ne5 Bxf2+
0-1

[Event "Nothing more important"]
[Site "SchemingMind.com"]
[Date "2011.06.28"]
[Round "-"]
[White "Clive Everill"]
[Black "Olli Ylönen"]
[Result "0-1"]
[WhiteCountry "CZE"]
[BlackCountry "FIN"]
[WhiteElo "1760"]
[WhiteRD "50"]
[BlackElo "1692"]
[BlackRD "51"]
[GameID "287407"]

1. e4 e5 2. Nc3 Nf6 3. f4 d5 4. fxe5 Nxe4 5. Nf3 Be7 6. d3 Nxc3 7. bxc3 c5 8. Be2 Nc6 9. O-O O-O 10. Bf4 Bf5
11. Qd2 Qd7 12. d4 cxd4 13. cxd4 Rac8 14. c3 Na5 15. Bd1 Nc4 16. Qe2 Qc7 17. Bb3 b5 18. Ne1 Qa5 19. Bg3 Qxc3 20. Qd1 Ne3
21. Qf3 Be4 22. Qxe3 Qxe3+ 23. Bf2 Qc3 24. Nf3 Bxf3 25. gxf3 Qxf3 26. Bg3 Qg4 27. Rf4 Qe6 28. Raf1 a5 29. a4 bxa4 30. Bxa4 Rc4
31. Bb5 Rxd4 32. R4f3 Rg4 33. Bd3 Qxe5 34. Kh1 Rxg3 35. Rxg3 g6 36. Rgf3 a4 37. Bb5 a3 38. R1f2 Rb8 39. Bd3 Rb2 40. Rxf7 Rxf2
41. Rxf2 Qe1+ 42. Kg2 Qxf2+ 43. Kxf2 a2
0-1